000 00510nam a22001457a 4500
999 _c20315
_d20315
008 240522b ||||| |||| 00| 0 eng d
020 _a9718781994
082 _aDRef 499.21103
_bUn3 2001
245 _aUP diksiyonaryong Filipino /
_cedited by Virgilio Almario.
260 _aPasig City :
_bAnvil Publishing Inc.,
_c©2001.
300 _axviii, 961 pages :
_billustrations ;
_c28 cm.
650 _aFilipino language
_vDictionaries.
_950402
700 _aAlmario, Virgilio S.
_eeditor.
_957209
942 _2ddc
_cDREF